01010cam9a220024100 4500001001200000005001700012008004100029010001600070035001900086035002200105035002200127040000900149100005300158245008000211260004100291500010100332504002900433650003000462700020500492949004800697004000600745999001700751qce0091434820190814120032.0740923s1962 paua b 000 0 eng d a 62008091 a(Sirsi) r98050 a(QCAT)lss00653012 a(UPRA)qce00914348 dUPRA1 aCutler, Max, 1899-dCutler, Max, 1899-6A56622.110aTumors of the breast :btheir pathology, symptoms, diagnosis and treatment. aPhiladelphia :bLippincott,c[c1962] aAn addition to Tumours of the breast, by Sir Lenthal Cheatle, and the author, published in 1931. aIncludes bibliographies. 2aBreast Neoplasms6S7160.11 aCheatle, Sir George Lenthal, 1965-1951. Tumours of the breast.dCheatle, Sir George Lenthal, 1965-1951. Tumours of the breast.tCheatle, Sir George Lenthal, 1965-1951. Tumours of the breast.6A56623.1 aRC280wLCi-139373mMEDICALtBOOKlON-SHELF98050 c51810d51810